Largest Cities With Only One of the Vowels - Statistics

General Stats
  • This quiz has been taken 85 times
  • The average score is 11 of 22
Answer Stats
# Population Continent Answer % Correct
1 41,000,000 Asia Tokyo
92%
5 14,900,000 Europe London
90%
4 19,100,000 Europe Moscow
89%
2 29,200,000 Asia Jakarta
74%
7 7,700,000 North America Toronto
74%
3 22,500,000 Asia Dhaka
69%
9 7,650,000 North America Dallas
64%
7 7,700,000 North America Boston
61%
15 5,150,000 Asia Ankara
56%
13 6,100,000 North America Atlanta
52%
11 7,250,000 Asia Hong Kong
48%
9 7,650,000 Asia Baghdad
46%
12 6,600,000 Africa Accra
43%
22 3,925,000 Africa Dakar
43%
14 6,000,000 Asia Amman
41%
19 4,775,000 Africa Casablanca
39%
21 4,125,000 Africa Kampala
28%
17 4,925,000 North America Tampa
25%
17 4,925,000 Asia Colombo
21%
6 11,000,000 Asia Changsha
13%
20 4,450,000 Asia Linyi
8%
16 4,975,000 Asia Nanchang
0%
No matching quizzes found
Score Distribution
Percent of People with Each Score
Percentile by Number Answered
Your Score History
You have not taken this quiz